000 00546nam a22001937a 4500
005 20260515115046.0
008 250225b |||||||| |||| 00| 0 eng d
020 _a9789358499285
040 _aIN-DiNC
_cIN-DiNC
041 _dasm
082 _a301.092
_bBHU
100 _aBhuyan, Dilip Kumar
_eauthor
245 _aSamajtattwik chintabid-dwitia khanda (Major 6)/
_cby Dilip Kumar Bhuyan
250 _a1st ed.
260 _aDibrugarh:
_bBanalata,
_c2024.
300 _a199p.
650 _aSociological thinkers-II (Major 6)
942 _2ddc
_cBK
999 _c12030
_d12030